| 000 | 00402nam a22001337a 4500 | ||
|---|---|---|---|
| 999 |
_c130443 _d130443 |
||
| 008 | 200319b ||||| |||| 00| 0 eng d | ||
| 050 | _aBX3250.2.B924 | ||
| 100 |
_aBuckley, Michael _949750 |
||
| 245 |
_aSeeking his peace _cMichael Buckley |
||
| 260 |
_aEssex _bKevin Mayhew Publishers _c1977 |
||
| 300 |
_a110p. ; _c18cm. |
||
| 650 |
_aSpiritual life _xCatholic authors _95665 |
||
| 942 |
_2lcc _cMONOGRAPH |
||